| 000 | 00837 aa a2200217 4500 | ||
|---|---|---|---|
| 005 | 20120618120217.0 | ||
| 010 | _a | ||
| 020 |
_c30.00 _a |
||
| 035 | _aB-76509 | ||
| 037 | _bpub | ||
| 082 | _a615.53 | ||
| 100 |
_aदीक्षित, राजेश _949247 |
||
| 245 |
_aनर्वसनैस की होम्यो.. चिकित्सा / _cराजेश दीक्षित |
||
| 246 |
_a _b |
||
| 260 |
_aमथुरा _bभाषा भवन _c2002 |
||
| 270 |
_a _b _e |
||
| 300 |
_a120पृ _c22 सेमी (अजिल्द) |
||
| 490 |
_a _949248 |
||
| 942 |
_adpl _cHN _k _2ddc _h615.53 _mदीक्षित |
||
| 999 |
_c68038 _d68038 |
||